000 00503nam a22001697a 4500
005 20251108175312.0
008 250721s2015 xx 000 0 ara d
082 1 4 _a960/دور
100 1 _aالدوري، ظاهر جاسم
245 1 0 _aأفريقيا في العصور الاسلامية /
264 1 _aعمان :
_bدار الجنان للنشر والتوزيع،
_c2015.
300 _a138ص.
650 1 7 _aالاسلام
650 1 7 _aافريقيا
942 _2ddc
_cBK
999 _c130953
_d130953